Produktový manažment v podmienkach novej ekonomiky
Koncepcia produktového manažmentu, ktorá sa zameriava na dosiahnutie súladu medzi motiváciou spotrebiteľského správania a medzi faktormi pôsobiacimi pri tvorbe produktu, na uplatnenie manažmentu kvality a dosiahnutie spokojnosti zákazníka. Analýza požiadaviek zamestnávateľov na kompetencie, zodpoved...
Salvato in:
| Autore principale: | |
|---|---|
| Altri autori: | |
| Natura: | Capitolo di libro |
| Lingua: | slovacco |
| Soggetti: | |
| Tags: |
Nessun Tag, puoi essere il primo ad aggiungerne!!
|
MARC
| LEADER | 00000naa$a2200000$$$4500 | ||
|---|---|---|---|
| 001 | 0036140 | ||
| 005 | 20240502071450.6 | ||
| 041 | 0 | |a slo | |
| 044 | |a SK | ||
| 245 | 1 | 0 | |a Produktový manažment v podmienkach novej ekonomiky |c Vojtech Kollár, Ľubica Knošková |
| 520 | |a Koncepcia produktového manažmentu, ktorá sa zameriava na dosiahnutie súladu medzi motiváciou spotrebiteľského správania a medzi faktormi pôsobiacimi pri tvorbe produktu, na uplatnenie manažmentu kvality a dosiahnutie spokojnosti zákazníka. Analýza požiadaviek zamestnávateľov na kompetencie, zodpovednosti a právomoci produktového manažéra v podniku. Produktový manažér v podniku 21. storočia. | ||
| 610 | 2 | 0 | |a manažment sortimentný |
| 610 | 2 | 0 | |a ekonomika nová |
| 610 | 2 | 0 | |a konkurencieschopnosť |
| 610 | 2 | 0 | |a manažéri |
| 610 | 2 | 0 | |a správanie spotrebiteľa |
| 100 | 1 | |a Kollár, Vojtech | |
| 700 | 1 | |a Knošková, Ľubica, 1965- | |